000 nam a22 a 4500
999 _c2961
_d2961
003 AKMAL
005 20170519082042.0
008 170519s1987 -uk 00 eng d
020 _a0813373204
040 _aAKMAL
082 0 4 _a658.048 STA
090 _a658.048
_bSTA
100 1 _aStanback, Thomas M.
_96193
245 1 _aComputerization and the transformation of employment :
_bgovernment, hospitals, and universities /
_cThomas M. Stanback, Jr.
260 _aBoulder :
_bWestview Press,
_c1987
300 _axv, 151p. ;
_c24cm
504 _aIncludes bibliographies
650 _aCorporations, Nonprofit
_xManagement
_xData processing
_zUnited States
_96194
942 _2ddc
_cBOOK